| 000 | 00751nam a22002417a 4500 | ||
|---|---|---|---|
| 005 | 20170124105917.0 | ||
| 010 | _aA-706851 | ||
| 020 |
_c90.00 _a2902776322 |
||
| 035 | _aA-706851 | ||
| 037 | _bCen Lib/Ret | ||
| 040 |
_aDPL _bEN |
||
| 082 |
_a181.499 _bAUR |
||
| 100 |
_aAurbindo, Sri _93136 |
||
| 245 |
_aIndia's rebirth : _c by Sri Aurbindo _ba selection from sri aurbindo's writings, talks and speeches / |
||
| 246 | _b | ||
| 260 |
_bInstitute De Recherches Evolutives _c00?? _aParis |
||
| 270 | _bParis | ||
| 300 |
_a263p. _c19cm(pbk) |
||
| 500 | _aIncludes bibliographical references and index | ||
| 650 |
_aPhilosophy _9106897 |
||
| 650 |
_aHistorical Perspectives _x _93138 |
||
| 942 |
_2ddc _cEN _h181.499 _mAUR |
||
| 999 |
_c122932 _d122932 |
||